[Event "FICGS rapid D 000050 email"]
[Site "FICGS email"]
[Date "2011.01.02"]
[Round "1"]
[White "Whittaker, Deon"]
[Black "Leurette, Marc Antoine"]
[Result "0-1"]
[WhiteElo "1400"]
[BlackElo "1459"]
[PlyCount "54"]
[EventDate "2011.??.??"]
[EventType "tourn (rapid)"]
[EventRounds "6"]
[SourceTitle "Corr 2013"]
[Source "ChessBase"]
[SourceDate "2012.11.12"]
[SourceVersion "1"]
[SourceVersionDate "2012.11.12"]
[SourceQuality "1"]

1. e4 e5 2. Nf3 Nc6 3. d4 exd4 4. Bc4 Nf6 5. Ng5 d5 6. exd5 Nxd5 7. Qd2 Be7 8. c3 Bxg5 9. Qe2+ Be7 10. 0-0 0-0 11. Nd2 dxc3 12. Ne4 cxb2 13. Bxb2 Be6 14. Nc5 Bxc5 15. Qf3 Ne3 16. fxe3 Bxc4 17. Qg4 Bxe3+ 18. Kh1 Nd4 19. Rfe1 f5 20. Qg3 f4 21. Qg4 c5 22. Rad1 Bxa2 23. g3 Be6 24. Qxe6+ Nxe6 25. Rxd8 Raxd8 26. gxf4 Nxf4 27. Rxe3 Rd1+ 0-1

[Event "FICGS rapid D 000050 email"]
[Site "FICGS email"]
[Date "2011.01.02"]
[Round "1"]
[White "Whittaker, Deon"]
[Black "Segur, Laurine"]
[Result "1-0"]
[WhiteElo "1400"]
[BlackElo "1400"]
[PlyCount "33"]
[EventDate "2011.??.??"]
[EventType "tourn (rapid)"]
[EventRounds "6"]
[SourceTitle "Corr 2013"]
[Source "ChessBase"]
[SourceDate "2012.11.12"]
[SourceVersion "1"]
[SourceVersionDate "2012.11.12"]
[SourceQuality "1"]

1. e4 c6 2. Nf3 e6 3. d4 b5 4. Bg5 Ne7 5. Bxe7 Bxe7 6. a3 Na6 7. Bd3 c5 8. 0-0 g6 9. Nc3 Nc7 10. b4 cxd4 11. Nxd4 f6 12. Ncxb5 e5 13. Qf3 exd4 14. Nxd4 a6 15. c4 h6 16. e5 fxe5 17. Bxg6# 1-0